| 000 | 01008cam a22003135a 4500 | ||
|---|---|---|---|
| 001 | 17075387 | ||
| 005 | 20201128024159.0 | ||
| 008 | 111208t2013 maua frd 001 0 eng d | ||
| 020 | _a9780205854646 | ||
| 040 |
_aDLC _cDLC _dDLC _dEG-ScBUE _beng |
||
| 082 | 0 | 4 |
_a327.101 _222 _bVIO |
| 100 | 1 | _aViotti, Paul R. | |
| 245 | 1 | 0 |
_aInternational relations and world politics / _cPaul R. Viotti and Mark V. Kauppi. |
| 250 | _a5th ed. | ||
| 260 |
_aUpper Saddle River : _bPearson Education, _cc.2013. |
||
| 300 |
_axvi, 550 p. : _bill. ; _c24 cm. |
||
| 500 | _aIndex : p. 531-548. | ||
| 500 | _aGlossary : p. 519-529. | ||
| 650 | 7 |
_aWorld politics _y1989- _2BUEsh |
|
| 650 | 7 |
_aInternational economic relations. _2BUEsh _93036 |
|
| 650 | 7 |
_aSecurity, International. _2BUEsh _939787 |
|
| 650 | 7 |
_aInternational trade. _2BUEsh _94508 |
|
| 650 | 7 |
_aNationalism. _2BUEsh _939761 |
|
| 651 | _2BUEsh | ||
| 653 |
_bBUSBOL _cOctober2017 |
||
| 655 |
_vReading book _934232 |
||
| 700 | 1 | _aKauppi, Mark V. | |
| 942 | _2ddc | ||
| 999 |
_c25533 _d25505 |
||